Introduction to the theory of statistics (Record no. 7230)
[ view plain ]
| 000 -LEADER | |
|---|---|
| fixed length control field | 01350nam a2200385 4500 |
| 001 - CONTROL NUMBER | |
| control field | 7230 |
| 003 - CONTROL NUMBER IDENTIFIER | |
| control field | BD-DhEWU |
| 005 - DATE AND TIME OF LATEST TRANSACTION | |
| control field | 20180107204833.0 |
| 008 - FIXED-LENGTH DATA ELEMENTS--GENERAL INFORMATION | |
| fixed length control field | 130925t19731974ii a g b 001 0 eng d |
| 020 ## - INTERNATIONAL STANDARD BOOK NUMBER | |
| International Standard Book Number | 0070428646 |
| International Standard Book Number | 9780070445208 |
| 035 ## - SYSTEM CONTROL NUMBER | |
| System control number | (OCoLC) 254849897 |
| 040 ## - CATALOGING SOURCE | |
| Original cataloging agency | DLC |
| Transcribing agency | DLC |
| Modifying agency | DLC |
| -- | BD-DhEWU |
| Language of cataloging | eng |
| 041 ## - LANGUAGE CODE | |
| Language code of text/sound track or separate title | eng |
| 050 00 - LIBRARY OF CONGRESS CALL NUMBER | |
| Classification number | QA276 |
| Item number | .M67 1974 |
| 082 04 - DEWEY DECIMAL CLASSIFICATION NUMBER | |
| Classification number | 519.5 MOI |
| Item number | 1974 |
| 100 1# - MAIN ENTRY--PERSONAL NAME | |
| Personal name | Mood, Alexander McFarlane, |
| 9 (RLIN) | 2431 |
| 245 10 - TITLE STATEMENT | |
| Title | Introduction to the theory of statistics |
| Statement of responsibility, etc | [by] Alexander M. Mood, Franklin A. Graybill [and] Duane C. Boes. |
| 250 ## - EDITION STATEMENT | |
| Edition statement | 3d ed. |
| 260 ## - PUBLICATION, DISTRIBUTION, ETC. (IMPRINT) | |
| Place of publication, distribution, etc | New Delhi, |
| Name of publisher, distributor, etc | McGraw-Hill Education (India) Private Ltd. |
| Date of publication, distribution, etc | [1973, c1974] |
| 300 ## - PHYSICAL DESCRIPTION | |
| Extent | xvi, 564 p. |
| Other physical details | illus. |
| Dimensions | 22 cm. |
| 490 0# - SERIES STATEMENT | |
| Series statement | McGraw-Hill series in probability and statistics |
| 504 ## - BIBLIOGRAPHY, ETC. NOTE | |
| Bibliography, etc | Bibliography: p. [544]-547. |
| 526 ## - STUDY PROGRAM INFORMATION NOTE | |
| Program name | AS |
| 590 ## - LOCAL NOTE (RLIN) | |
| Local note | Tahur Ahmed |
| 650 #0 - SUBJECT ADDED ENTRY--TOPICAL TERM | |
| Topical term or geographic name as entry element | Mathematical statistics. |
| Source of heading or term | SLSH |
| 9 (RLIN) | 2299 |
| 700 1# - ADDED ENTRY--PERSONAL NAME | |
| Personal name | Graybill, Franklin A., |
| Relator term | joint author. |
| 9 (RLIN) | 2432 |
| Personal name | Boes, Duane C., |
| Relator term | joint author. |
| 9 (RLIN) | 2433 |
| 856 ## - ELECTRONIC LOCATION AND ACCESS | |
| Materials specified | OCLC |
| Uniform Resource Identifier | http://www.worldcat.org/title/introduction-to-the-theory-of-statistics/oclc/254849897&referer=brief_results |
| Materials specified | Ebook Fulltext |
| Uniform Resource Identifier | http://lib.ewubd.edu/ebook/7230 |
| 942 ## - ADDED ENTRY ELEMENTS (KOHA) | |
| Source of classification or shelving scheme | Dewey Decimal Classification |
| Koha item type | Text |
| Koha issues (borrowed), all copies | 17 |
| Withdrawn status | Lost status | Source of classification or shelving scheme | Damaged status | Not for loan | Collection code | Home library | Current library | Shelving location | Date acquired | Source of acquisition | Cost, normal purchase price | Total Checkouts | Full call number | Barcode | Date last seen | Copy number | Price effective from | Koha item type | Date checked out |
|---|---|---|---|---|---|---|---|---|---|---|---|---|---|---|---|---|---|---|---|
| Dewey Decimal Classification | Not For Loan | Non-fiction | Dr. S. R. Lasker Library, EWU | Dr. S. R. Lasker Library, EWU | Reserve Section | 25/09/2013 | Trim Education | 715.00 | 519.5 MOI 1974 | 25360 | 20/10/2013 | C-1 | 20/10/2013 | Text | |||||
| Dewey Decimal Classification | Not For Loan | Non-fiction | Dr. S. R. Lasker Library, EWU | Dr. S. R. Lasker Library, EWU | Reserve Section | 25/09/2013 | Trim Education | 715.00 | 519.5 MOI 1974 | 25361 | 20/10/2013 | C-2 | 20/10/2013 | Text | |||||
| Dewey Decimal Classification | Not For Loan | Non-fiction | Dr. S. R. Lasker Library, EWU | Dr. S. R. Lasker Library, EWU | Reserve Section | 25/09/2013 | Trim Education | 715.00 | 1 | 519.5 MOI 1974 | 25362 | 26/05/2014 | C-3 | 20/10/2013 | Text | 20/05/2014 | |||
| Dewey Decimal Classification | Non-fiction | Dr. S. R. Lasker Library, EWU | Dr. S. R. Lasker Library, EWU | Circulation Section | 25/09/2013 | Trim Education | 715.00 | 3 | 519.5 MOI 1974 | 25363 | 31/07/2017 | C-4 | 20/10/2013 | Text | 24/04/2017 | ||||
| Dewey Decimal Classification | Non-fiction | Dr. S. R. Lasker Library, EWU | Dr. S. R. Lasker Library, EWU | Circulation Section | 25/09/2013 | Trim Education | 715.00 | 5 | 519.5 MOI 1974 | 25364 | 21/08/2016 | C-5 | 20/10/2013 | Text | 14/08/2016 | ||||
| Dewey Decimal Classification | Non-fiction | Dr. S. R. Lasker Library, EWU | Dr. S. R. Lasker Library, EWU | Circulation Section | 28/12/2013 | Trim Education | 749.00 | 519.5 MOI 1974 | 25596 | 02/01/2014 | C-6 | 02/01/2014 | Text | ||||||
| Dewey Decimal Classification | Non-fiction | Dr. S. R. Lasker Library, EWU | Dr. S. R. Lasker Library, EWU | Circulation Section | 28/12/2013 | Trim Education | 749.00 | 1 | 519.5 MOI 1974 | 25597 | 17/05/2016 | C-7 | 02/01/2014 | Text | 13/05/2016 | ||||
| Dewey Decimal Classification | Non-fiction | Dr. S. R. Lasker Library, EWU | Dr. S. R. Lasker Library, EWU | Circulation Section | 20/02/2014 | Paragon Enterprises Ltd. | 810.00 | 4 | 519.5 MOI 1974 | 25773 | 14/08/2016 | C-8 | 09/03/2014 | Text | 05/08/2016 | ||||
| Dewey Decimal Classification | Non-fiction | Dr. S. R. Lasker Library, EWU | Dr. S. R. Lasker Library, EWU | Circulation Section | 03/03/2014 | Trim Education | 749.00 | 1 | 519.5 MOI 1974 | 25856 | 09/06/2014 | C-9 | 20/03/2014 | Text | 03/06/2014 | ||||
| Dewey Decimal Classification | Non-fiction | Dr. S. R. Lasker Library, EWU | Dr. S. R. Lasker Library, EWU | Circulation Section | 03/03/2014 | Trim Education | 749.00 | 1 | 519.5 MOI 1974 | 25857 | 12/06/2014 | C-10 | 20/03/2014 | Text | 10/06/2014 | ||||
| Dewey Decimal Classification | Non-fiction | Dr. S. R. Lasker Library, EWU | Dr. S. R. Lasker Library, EWU | Circulation Section | 03/03/2014 | Trim Education | 749.00 | 3 | 519.5 MOI 1974 | 25858 | 23/05/2022 | C-11 | 20/03/2014 | Text | 22/05/2022 | ||||
| Dewey Decimal Classification | Non-fiction | Dr. S. R. Lasker Library, EWU | Dr. S. R. Lasker Library, EWU | E-book | 07/01/2018 | 519.5 MOI 1974 | 07/01/2018 | 07/01/2018 | E-Book |